[Event "7° Un Matto all' Ora-SPECIAL"]
[Site "Civitanova Marche (MC) - Via Ippodromo 7 (presso Tiro a Volo Cluana), Italy"]
[Date "2025.12.07"]
[Round "2.3"]
[White "De, Paolis Diego"]
[Black "Capocasa, Nicola"]
[Result "1-0"]
[WhiteElo "1942"]
[BlackElo "1789"]
[PlyCount "57"]
[EventDate "2025.??.??"]

1. b3 Nf6 2. Bb2 d5 3. e3 Bf5 4. Nf3 e6 5. c4 h6 6. Nc3 Be7 7. d4 O-O 8. Ne5 c6 9. g4 Bh7 10. h4 Ne4 11. Nxe4 Bxe4 12. f3 Bxh4+ 13. Kd2 Bh7 14. f4 Bf6 15. Bd3 Bxe5 16. Bxh7+ Kxh7 17. Qc2+ f5 18. fxe5 Kh8 19. Raf1 Qg5 20. Ba3 Rf7 21. cxd5 Qxg4 22. dxe6 Rc7 23. Qxf5 Qxf5 24. Rxf5 Na6 25. e7 Kh7 26. Rg1 Rcc8 27. Rf7 Rg8 28. Bd6 Nb8 29. Rgxg7+ 1-0